000 00655cam a2200145 4500500
005 20260208005828.0
041 _afre
042 _adc
100 1 0 _aPernot, Denis
_eauthor
245 0 0 _aJEAN ELISABETH PEDERSEN, Legislating the French Family. Feminism, Theater, and Republican politics, 1870-1920. Rutgers University Press, 2003. Un vol. 15,5 × 23,5 de XXXVII et 271 p.
260 _c2005.
500 _a32
786 0 _nRevue d'histoire littéraire de la France | 105 | 3 | 2005-06-01 | p. 655zze-764zze | 0035-2411
856 4 1 _uhttps://shs.cairn.info/revue-d-histoire-litteraire-de-la-france-2005-3-page-655zze?lang=fr&redirect-ssocas=7080
999 _c1653991
_d1653991